WWE Tag Teams by picture - Statistics

General Stats
  • This quiz has been taken 121 times
  • The average score is 8 of 12
Answer Stats
Picture Answer % Correct
The Usos
91%
New Day
89%
DX
84%
Hardy Boyz
82%
Dudley Boyz
81%
Brothers Of Destruction
71%
Team Hell No
69%
JeriShow
58%
Los Guerreros
46%
Lucha Dragons
41%
Cryme Tyme
38%
Air Boom
31%
No matching quizzes found
Score Distribution
Percent of People with Each Score
Percentile by Number Answered
Your Score History
You have not taken this quiz